Řízené vychystávání v konvenčním skladu
Vychystávanie tovaru (picking) ako jeden z najdôležitejších procesov ovplyvňujúcich ukazovatele výkonnosti skladovej prevádzky. Skladový informačný a riadaci systém (WMS) a jeho využívanie pri vychystávaní tovaru. Optimálne vychystávanie.
Salvato in:
| Autore principale: | |
|---|---|
| Altri autori: | |
| Natura: | Capitolo di libro |
| Lingua: | ceco |
| Soggetti: | |
| Tags: |
Nessun Tag, puoi essere il primo ad aggiungerne!!
|
MARC
| LEADER | 00000naa a2200000 4500 | ||
|---|---|---|---|
| 001 | 0129727 | ||
| 005 | 20231129095751.3 | ||
| 041 | 0 | |a cze | |
| 044 | |a CZ | ||
| 245 | 1 | 0 | |a Řízené vychystávání v konvenčním skladu |c Josef Černý, Michal Krček |
| 520 | |a Vychystávanie tovaru (picking) ako jeden z najdôležitejších procesov ovplyvňujúcich ukazovatele výkonnosti skladovej prevádzky. Skladový informačný a riadaci systém (WMS) a jeho využívanie pri vychystávaní tovaru. Optimálne vychystávanie. | ||
| 610 | 2 | 0 | |a skladovanie |
| 610 | 2 | 0 | |a sklady |
| 610 | 2 | 0 | |a logistika |
| 610 | 2 | 0 | |a systémy informačné riadiace |
| 610 | 2 | 0 | |a efektívnosť |
| 100 | 1 | |a Černý, Josef | |
| 700 | 1 | |a Krček, Michal | |